Perlembagaan moden

Bibliographic Details
Main Author: Wheare, K.C
Other Authors: Azmi Khalid, Siti Ratnamala Saiful Nathan
Format: Book
Published: Kuala Lumpur : Dewan Bahasa Dan Pustaka , 1993
Subjects:

MARC

LEADER 00000cam a2200000 7i4500
001 0000005221
002 000005643
005 20000330.0
020 |a 9836231366 
090 0 0 |a 342   |b WHE 
100 1 |a Wheare, K.C 
245 1 0 |a Perlembagaan moden   |c K.C. Wheare ; penterjemah, Azmi Khalid, Siti Ratnamala Saiful Nathan 
260 |a Kuala Lumpur :   |b Dewan Bahasa Dan Pustaka ,   |c 1993 
300 |a 143p. ;   |c 23cm. 
650 0 0 |a Constitutional law 
650 0 0 |a Constitutions 
700 1 |a Azmi Khalid 
700 1 |a Siti Ratnamala Saiful Nathan 
999 |a 030397   |b BUKU   |c PINJAMAN   |e PERPUSTAKAAN KOMUNITI PETALING JAYA 
999 |a 030398   |b BUKU   |c PINJAMAN   |e PERPUSTAKAAN KOMUNITI PETALING JAYA